Effective Open Innovation Strategies in Modern Business Emerging Research and Opportunities

Uložené v:
Podrobná bibliografia
Hlavný autor: Rao, N. Raghavendra
Médium: Kniha
Jazyk:English
Vydavateľské údaje: Hershey IGI Global 2018
Vydanie:1st Edition
Edícia:Advances in Business Strategy and Competitive Advantage (ABSCA)
Predmet:
Tagy: Pridať tag
Žiadne tagy, Buďte prvý, kto otaguje tento záznam!

MARC

LEADER 00000nam a2200000 4500
001 0252649
005 20240221112703.6
020 |a 978-1-5225-5721-0 
020 |a 9781522557227 
041 0 |a eng 
044 |a US 
245 1 0 |a Effective Open Innovation Strategies in Modern Business  |b Emerging Research and Opportunities  |c Rao N. Raghavendra 
250 |a 1st Edition 
264 1 |a Hershey  |b IGI Global  |c 2018 
300 |a 159 s. 
490 1 |a Advances in Business Strategy and Competitive Advantage (ABSCA) 
830 0 |a Advances in Business Strategy and Competitive Advantage (ABSCA) 
610 2 0 |a podnikanie 
610 2 0 |a inovácia 
610 2 0 |a efektívnosť inovácií 
610 2 0 |a stratégia podniková 
610 2 0 |a realita virtuálna 
610 2 0 |a projekty 
610 2 0 |a reengineering 
610 2 0 |a vlastníctvo duševné 
610 2 0 |a technológie informačné 
610 2 0 |a technológie komunikačné 
610 2 0 |a médiá sociálne 
610 2 0 |a investície 
100 1 |a Rao, N. Raghavendra